| 000 | 01439nam a2200205 a 4500 | ||
|---|---|---|---|
| 008 | 161215e1988 ag |||g |||| 001 j spa d | ||
| 020 | _a9501002020 | ||
| 041 | _aspa | ||
| 092 |
_c808 _l71 _sQUI |
||
| 100 | 1 |
_aQuiroga, Horacio _93975 |
|
| 245 |
_aCuentos de amor de locura y de muerte / _cHoracio Quiroga |
||
| 250 |
_a3a ed. _bEstudio preliminar, notas y vocabulario Teresita Frugoni de Fritzsche |
||
| 260 |
_aBuenos Aires: _bHuemul; _c1988. |
||
| 300 | _a261 p. | ||
| 500 | _aQuiroga, H. (1988). Cuentos de amor de locura y de muerte. (3a ed.). Buenos Aires : Huemul. | ||
| 505 | _aCuentos de amor de locura y de muerte, escrito así por el autor, sin comas, muestra que tales fuerzas se conjugan en un todo indisoluble que actúa desde y sobre el hombre. Las tres fuerzas adquieren a menudo rasgos extraños o ligados a la desmesura: el amor se aparta de lo normal, la locura lleva su dosis de morbosidad y horror y la inexorable muerte es incontrolable, misteriosa y terrible. Pero lo profundamente original de Quiroga en el tratamiento de estos temas es la admirable sobriedad y concisión con que pinta el conflicto hombre-medio. La naturaleza no aparece como puro paisaje en ningún caso, y su descripción jamás carece de funcionalidad. De ahí la sensación de vida que todos los textos causan en el lector. | ||
| 590 | _aProyecto 4to libro. Donación Constanzo Juan Carlos | ||
| 655 |
_aCuentos _92945 |
||
| 942 |
_2ddc _cLIT |
||
| 999 |
_c3032 _d3032 |
||